[Event "ABC 2024 Utrecht, Groep BCm"]
[Site "Utrecht."]
[Date "2024.03.09"]
[Round "1.3"]
[White "Jermin, Ayleanna"]
[Black "Zhang, Jinchen"]
[Result "1-0"]
[WhiteElo "1197"]
[BlackElo "1761"]

1. e4 {[%clk 00:55:16]} {[%emt 00:00:02]} e5 {[%clk 00:55:11]} {[%emt
00:00:10]} 2. d3 {[%clk 00:55:02]} {[%emt 00:00:25]} Nf6 {[%clk 00:54:29]}
{[%emt 00:00:51]} 3. f4 {[%clk 00:53:56]} {[%emt 00:01:16]} d6 {[%clk
00:53:24]} {[%emt 00:01:14]} 4. Nf3 {[%clk 00:51:39]} {[%emt 00:02:28]} Nc6
{[%clk 00:52:54]} {[%emt 00:00:39]} 5. Nbd2 {[%clk 00:47:36]} {[%emt 00:04:14]}
Be7 {[%clk 00:50:48]} {[%emt 00:02:16]} 6. Nc4 {[%clk 00:45:33]} {[%emt
00:02:12]} Bg4 {[%clk 00:47:45]} {[%emt 00:03:13]} 7. Be2 {[%clk 00:44:56]}
{[%emt 00:00:47]} Bxf3 {[%clk 00:45:24]} {[%emt 00:02:32]} 8. Bxf3 {[%clk
00:44:27]} {[%emt 00:00:39]} O-O {[%clk 00:44:17]} {[%emt 00:01:16]} 9. Be3
{[%clk 00:42:48]} {[%emt 00:01:49]} b5 {[%clk 00:42:16]} {[%emt 00:02:11]} 10.
Na3 {[%clk 00:41:53]} {[%emt 00:01:05]} a6 {[%clk 00:41:08]} {[%emt 00:01:18]}
11. Nb1 {[%clk 00:38:33]} {[%emt 00:03:31]} d5 {[%clk 00:38:29]} {[%emt
00:02:50]} 12. a4 {[%clk 00:37:03]} {[%emt 00:01:39]} Qd7 {[%clk 00:34:47]}
{[%emt 00:03:51]} 13. axb5 {[%clk 00:34:20]} {[%emt 00:02:54]} axb5 {[%clk
00:34:06]} {[%emt 00:00:51]} 14. Rxa8 {[%clk 00:33:06]} {[%emt 00:01:25]} Rxa8
{[%clk 00:33:39]} {[%emt 00:00:36]} 15. Nd2 {[%clk 00:32:40]} {[%emt 00:00:36]}
Qd6 {[%clk 00:29:27]} {[%emt 00:04:23]} 16. fxe5 {[%clk 00:25:33]} {[%emt
00:07:17]} Qxe5 {[%clk 00:27:35]} {[%emt 00:02:01]} 17. O-O {[%clk 00:22:31]}
{[%emt 00:03:12]} Bd6 {[%clk 00:26:15]} {[%emt 00:01:29]} 18. g3 {[%clk
00:22:02]} {[%emt 00:00:40]} Ne7 {[%clk 00:21:19]} {[%emt 00:05:06]} 19. c3
{[%clk 00:21:22]} {[%emt 00:00:50]} Qe6 {[%clk 00:17:36]} {[%emt 00:03:52]} 20.
Qe2 {[%clk 00:17:03]} {[%emt 00:04:30]} c6 {[%clk 00:15:38]} {[%emt 00:02:08]}
21. exd5 {[%clk 00:15:06]} {[%emt 00:02:07]} Nexd5 {[%clk 00:14:32]} {[%emt
00:01:17]} 22. Bd4 {[%clk 00:13:34]} {[%emt 00:01:41]} Qxe2 {[%clk 00:12:51]}
{[%emt 00:01:53]} 23. Bxe2 {[%clk 00:13:16]} {[%emt 00:00:25]} Re8 {[%clk
00:12:07]} {[%emt 00:00:55]} 24. Bf3 {[%clk 00:12:51]} {[%emt 00:00:36]} Re6
{[%clk 00:10:46]} {[%emt 00:01:31]} 25. Bxd5 {[%clk 00:11:59]} {[%emt
00:01:02]} Nxd5 {[%clk 00:10:31]} {[%emt 00:00:24]} 26. c4 {[%clk 00:11:24]}
{[%emt 00:00:45]} Nc7 {[%clk 00:09:22]} {[%emt 00:01:20]} 27. cxb5 {[%clk
00:10:42]} {[%emt 00:00:52]} Nxb5 {[%clk 00:09:15]} {[%emt 00:00:17]} 28. Bb6
{[%clk 00:09:35]} {[%emt 00:01:16]} Bb4 {[%clk 00:08:28]} {[%emt 00:00:57]} 29.
Ra1 {[%clk 00:08:35]} {[%emt 00:01:10]} h5 {[%clk 00:08:04]} {[%emt 00:00:34]}
30. Ra8+ {[%clk 00:08:15]} {[%emt 00:00:31]} Kh7 {[%clk 00:08:03]} {[%emt
00:00:11]} 31. Nf3 {[%clk 00:08:06]} {[%emt 00:00:18]} f6 {[%clk 00:07:22]}
{[%emt 00:00:52]} 32. Ra4 {[%clk 00:06:44]} {[%emt 00:01:32]} Bd6 {[%clk
00:06:40]} {[%emt 00:00:48]} 33. Rh4 {[%clk 00:06:25]} {[%emt 00:00:30]} Kh6
{[%clk 00:06:25]} {[%emt 00:00:27]} 34. g4 {[%clk 00:06:03]} {[%emt 00:00:33]}
g6 {[%clk 00:06:13]} {[%emt 00:00:21]} 35. Kf2 {[%clk 00:06:03]} {[%emt
00:00:11]} Re8 {[%clk 00:05:42]} {[%emt 00:00:40]} 36. Be3+ {[%clk 00:06:07]}
{[%emt 00:00:06]} Kg7 {[%clk 00:04:44]} {[%emt 00:01:08]} 37. gxh5 {[%clk
00:05:48]} {[%emt 00:00:29]} gxh5 {[%clk 00:04:30]} {[%emt 00:00:24]} 38. Rxh5
{[%clk 00:05:41]} {[%emt 00:00:16]} Kg6 {[%clk 00:04:30]} {[%emt 00:00:11]} 39.
Rh6+ {[%clk 00:05:40]} {[%emt 00:00:10]} Kg7 {[%clk 00:04:18]} {[%emt
00:00:21]} 40. Nh4 {[%clk 00:04:58]} {[%emt 00:00:54]} Rh8 {[%clk 00:03:29]}
{[%emt 00:00:58]} 41. Nf5+ {[%clk 00:04:56]} {[%emt 00:00:13]} Kg8 {[%clk
00:03:19]} {[%emt 00:00:20]} 42. Rg6+ {[%clk 00:04:23]} {[%emt 00:00:43]} Kf7
{[%clk 00:03:07]} {[%emt 00:00:22]} 43. Rg7+ {[%clk 00:04:12]} {[%emt
00:00:19]} Ke6 {[%clk 00:03:11]} {[%emt 00:00:07]} 44. Nd4+ {[%clk 00:03:23]}
{[%emt 00:01:00]} Nxd4 {[%clk 00:03:11]} {[%emt 00:00:11]} 45. Bxd4 {[%clk
00:03:24]} {[%emt 00:00:09]} Rxh2+ {[%clk 00:03:15]} {[%emt 00:00:07]} 46. Ke3
{[%clk 00:03:09]} {[%emt 00:00:22]} Rh3+ {[%clk 00:03:20]} {[%emt 00:00:07]} 47.
Kd2 {[%clk 00:03:14]} {[%emt 00:00:04]} Rh2+ {[%clk 00:03:04]} {[%emt
00:00:26]} 48. Kc3 {[%clk 00:03:20]} {[%emt 00:00:04]} Rh6 {[%clk 00:02:58]}
{[%emt 00:00:17]} 49. Rg8 {[%clk 00:03:09]} {[%emt 00:00:19]} Ke7 {[%clk
00:02:44]} {[%emt 00:00:25]} 50. Rg7+ {[%clk 00:03:11]} {[%emt 00:00:08]} Ke6
{[%clk 00:02:50]} {[%emt 00:00:04]} 51. Be3 {[%clk 00:03:09]} {[%emt 00:00:13]}
Be5+ {[%clk 00:02:50]} {[%emt 00:00:10]} 52. d4 {[%clk 00:03:14]} {[%emt
00:00:05]} Rh3 {[%clk 00:02:52]} {[%emt 00:00:07]} 53. Kd3 {[%clk 00:03:04]}
{[%emt 00:00:20]} Bf4 {[%clk 00:02:43]} {[%emt 00:00:20]} 54. Rg8 {[%clk
00:02:56]} {[%emt 00:00:17]} Rxe3+ {[%clk 00:02:49]} {[%emt 00:00:04]} 55. Kc4
{[%clk 00:03:03]} {[%emt 00:00:04]} Kf5 {[%clk 00:02:55]} {[%emt 00:00:04]} 56.
Rc8 {[%clk 00:03:09]} {[%emt 00:00:04]} Re6 {[%clk 00:03:00]} {[%emt 00:00:04]}
57. b4 {[%clk 00:03:12]} {[%emt 00:00:08]} Bd6 {[%clk 00:03:03]} {[%emt
00:00:07]} 58. Rxc6 {[%clk 00:03:15]} {[%emt 00:00:06]} Ke4 {[%clk 00:02:34]}
{[%emt 00:00:40]} 59. b5 {[%clk 00:02:59]} {[%emt 00:00:25]} f5 {[%clk
00:02:05]} {[%emt 00:00:39]} 60. b6 {[%clk 00:03:04]} {[%emt 00:00:05]} f4
{[%clk 00:02:08]} {[%emt 00:00:08]} 61. b7 {[%clk 00:03:11]} {[%emt 00:00:03]}
Kf5 {[%clk 00:01:58]} {[%emt 00:00:20]} 62. Rxd6 {[%clk 00:03:16]} {[%emt
00:00:04]} Rxd6 {[%clk 00:02:02]} {[%emt 00:00:06]} 63. b8=Q {[%clk 00:03:19]}
{[%emt 00:00:06]} Rc6+ {[%clk 00:02:09]} {[%emt 00:00:04]} 64. Kd5 {[%clk
00:03:25]} {[%emt 00:00:05]} Rf6 {[%clk 00:02:11]} {[%emt 00:00:08]} 65. Qe5
{[%clk 00:03:27]} {[%emt 00:00:08]} Kg6 {[%clk 00:02:17]} {[%emt 00:00:04]} 66.
Ke4 {[%clk 00:03:20]} {[%emt 00:00:17]} Kf7 {[%clk 00:02:04]} {[%emt 00:00:24]}
67. Kf3 {[%clk 00:03:25]} {[%emt 00:00:03]} Kg6 {[%clk 00:02:06]} {[%emt
00:00:09]} 68. d5 {[%clk 00:03:26]} {[%emt 00:00:09]} Rf5 {[%clk 00:02:12]}
{[%emt 00:00:04]} 69. Qe6+ {[%clk 00:03:33]} {[%emt 00:00:03]} Rf6 {[%clk
00:02:20]} {[%emt 00:00:02]} 70. Qg8+ {[%clk 00:03:34]} {[%emt 00:00:08]} Kf5
{[%clk 00:02:28]} {[%emt 00:00:02]} 71. Qb8 {[%clk 00:03:07]} {[%emt 00:00:38]}
Kg6 {[%clk 00:02:21]} {[%emt 00:00:15]} 72. d6 {[%clk 00:03:14]} {[%emt
00:00:05]} Kg7 {[%clk 00:02:20]} {[%emt 00:00:10]} 73. d7 {[%clk 00:03:21]}
{[%emt 00:00:04]} Rf8 {[%clk 00:02:28]} {[%emt 00:00:02]} 74. d8=Q {[%emt
00:00:13]} Rxd8 {[%emt 00:00:01]} 75. Qxd8 {[%clk 00:03:13]} {[%emt 00:00:04]}
Kg6 {[%clk 00:02:37]} {[%emt 00:00:01]} 76. Kxf4 {[%clk 00:03:19]} {[%emt
00:00:03]} Kf7 {[%clk 00:02:44]} {[%emt 00:00:03]} 77. Ke5 {[%clk 00:03:20]}
{[%emt 00:00:09]} Kg6 {[%clk 00:02:49]} {[%emt 00:00:05]} 78. Qf8 {[%clk
00:03:25]} {[%emt 00:00:04]} Kg5 {[%clk 00:02:57]} {[%emt 00:00:04]} 79. Qg8
{[%clk 00:03:27]} {[%emt 00:00:08]} Kh5 {[%clk 00:02:54]} {[%emt 00:00:06]} 80.
Kf5 {[%clk 00:03:33]} {[%emt 00:00:12]} Kh4 {[%clk 00:02:59]} {[%emt 00:00:04]}
81. Qg4+ {[%clk 00:03:26]} {[%emt 00:00:04]} 1-0

[Event "ABC 2024 Utrecht, Groep BCm"]
[Site "Utrecht."]
[Date "2024.03.09"]
[Round "1.4"]
[White "Yildirim, Azra"]
[Black "Bhaskarabhatla, Maithili M"]
[Result "1-0"]
[WhiteElo "1635"]
[BlackElo "1146"]

1. e4 {[%clk 00:55:16]} {[%emt 00:00:03]} c5 {[%clk 00:55:12]} {[%emt
00:00:04]} 2. f4 {[%clk 00:54:31]} {[%emt 00:00:59]} d6 {[%clk 00:54:55]}
{[%emt 00:00:28]} 3. Nf3 {[%clk 00:53:20]} {[%emt 00:01:20]} e6 {[%clk
00:53:51]} {[%emt 00:00:20]} 4. Nc3 {[%clk 00:52:06]} {[%emt 00:02:18]} a6
{[%clk 00:53:43]} {[%emt 00:00:16]} 5. a4 {[%clk 00:50:21]} {[%emt 00:01:57]}
Nc6 {[%clk 00:53:33]} {[%emt 00:00:20]} 6. Bc4 {[%clk 00:48:48]} {[%emt
00:01:43]} Bd7 {[%clk 00:53:21]} {[%emt 00:00:21]} 7. Ne2 {[%clk 00:47:47]}
{[%emt 00:01:12]} Be7 {[%clk 00:52:55]} {[%emt 00:00:35]} 8. d3 {[%clk
00:46:08]} {[%emt 00:01:50]} e5 {[%clk 00:52:35]} {[%emt 00:00:25]} 9. Qd2
{[%clk 00:39:52]} {[%emt 00:06:31]} Nf6 {[%clk 00:51:33]} {[%emt 00:01:11]} 10.
Ng3 {[%clk 00:37:51]} {[%emt 00:02:13]} O-O {[%clk 00:50:54]} {[%emt 00:00:45]}
11. f5 {[%clk 00:37:10]} {[%emt 00:00:54]} Nd4 {[%clk 00:50:15]} {[%emt
00:00:49]} 12. O-O {[%clk 00:32:46]} {[%emt 00:04:34]} Nxf3+ {[%clk 00:50:00]}
{[%emt 00:00:25]} 13. Rxf3 {[%clk 00:32:39]} {[%emt 00:00:17]} b5 {[%clk
00:49:42]} {[%emt 00:00:29]} 14. axb5 {[%clk 00:31:45]} {[%emt 00:01:04]} axb5
{[%clk 00:48:50]} {[%emt 00:01:02]} 15. Rxa8 {[%clk 00:30:49]} {[%emt
00:01:05]} Qxa8 {[%clk 00:48:47]} {[%emt 00:00:13]} 16. Bb3 {[%clk 00:30:13]}
{[%emt 00:00:47]} Rc8 {[%clk 00:47:13]} {[%emt 00:01:43]} 17. c4 {[%clk
00:29:55]} {[%emt 00:00:28]} bxc4 {[%clk 00:46:40]} {[%emt 00:00:43]} 18. Bxc4
{[%clk 00:29:11]} {[%emt 00:00:54]} d5 {[%clk 00:46:02]} {[%emt 00:00:49]} 19.
exd5 {[%clk 00:28:10]} {[%emt 00:01:11]} Nxd5 {[%clk 00:45:43]} {[%emt
00:00:28]} 20. Nh5 {[%clk 00:23:50]} {[%emt 00:04:30]} Nf6 {[%clk 00:44:28]}
{[%emt 00:01:25]} 21. Qg5 {[%clk 00:22:12]} {[%emt 00:01:48]} Nxh5 {[%clk
00:40:56]} {[%emt 00:01:20]} 22. Qxh5 {[%clk 00:21:09]} {[%emt 00:03:36]} Rf8
{[%clk 00:39:41]} {[%emt 00:01:24]} 23. Rh3 {[%clk 00:18:51]} {[%emt 00:02:28]}
Bxf5 {[%clk 00:37:19]} {[%emt 00:02:32]} 24. Qxf5 {[%clk 00:18:17]} {[%emt
00:00:45]} g6 {[%clk 00:36:38]} {[%emt 00:00:51]} 25. Qxe5 {[%clk 00:17:05]}
{[%emt 00:01:22]} Qa1 {[%clk 00:35:49]} {[%emt 00:00:56]} 26. Qe3 {[%clk
00:15:23]} {[%emt 00:01:54]} Kg7 {[%clk 00:34:14]} {[%emt 00:01:45]} 27. Qh6+
{[%clk 00:14:47]} {[%emt 00:00:47]} Kf6 {[%clk 00:33:44]} {[%emt 00:00:34]} 28.
Rf3+ {[%clk 00:14:15]} {[%emt 00:00:47]} Ke5 {[%clk 00:33:24]} {[%emt
00:00:23]} 29. Qf4# {[%clk 00:14:11]} {[%emt 00:00:22]} 1-0

[Event "ABC 2024 Utrecht, Groep BCm"]
[Site "Utrecht."]
[Date "2024.03.09"]
[Round "1.5"]
[White "Leenen, Pomme"]
[Black "Vermeulen, Ilona"]
[Result "1/2-1/2"]
[WhiteElo "1127"]
[BlackElo "1486"]

1. e4 {[%clk 00:55:19]} {[%emt 00:31:15]} e5 {[%clk 00:55:18]} {[%emt
00:00:02]} 2. Nf3 {[%clk 00:55:25]} {[%emt 00:00:05]} Nc6 {[%clk 00:55:23]}
{[%emt 00:00:05]} 3. Bc4 {[%clk 00:55:27]} {[%emt 00:00:08]} h6 {[%clk
00:54:57]} {[%emt 00:00:35]} 4. d3 {[%emt 00:00:13]} Nf6 {[%emt 00:00:21]} 5.
Be3 {[%clk 00:54:52]} {[%emt 00:00:11]} d5 {[%clk 00:54:04]} {[%emt 00:01:03]}
6. exd5 {[%clk 00:54:08]} {[%emt 00:00:53]} Nxd5 {[%clk 00:53:24]} {[%emt
00:00:50]} 7. Qe2 {[%clk 00:53:03]} {[%emt 00:00:30]} Nxe3 {[%clk 00:51:36]}
{[%emt 00:02:44]} 8. Qxe3 {[%clk 00:52:52]} {[%emt 00:00:13]} Bd6 {[%clk
00:51:08]} {[%emt 00:00:47]} 9. O-O {[%emt 00:00:18]} Qe7 {[%emt 00:00:42]} 10.
Nc3 {[%clk 00:51:31]} {[%emt 00:00:24]} Be6 {[%clk 00:50:23]} {[%emt 00:01:01]}
11. Bb3 {[%clk 00:51:25]} {[%emt 00:00:12]} Bxb3 {[%clk 00:49:08]} {[%emt
00:01:29]} 12. axb3 {[%clk 00:51:24]} {[%emt 00:00:11]} Qe6 {[%clk 00:48:26]}
{[%emt 00:00:52]} 13. h3 {[%clk 00:50:58]} {[%emt 00:00:27]} b6 {[%clk
00:46:58]} {[%emt 00:01:48]} 14. Nb5 {[%clk 00:50:09]} {[%emt 00:00:59]} O-O
{[%clk 00:44:46]} {[%emt 00:02:21]} 15. Rfe1 {[%clk 00:49:59]} {[%emt
00:00:19]} Bc5 {[%clk 00:43:11]} {[%emt 00:01:46]} 16. Nxc7 {[%clk 00:49:35]}
{[%emt 00:00:34]} Bxe3 {[%clk 00:42:44]} {[%emt 00:00:37]} 17. Nxe6 {[%clk
00:48:49]} {[%emt 00:00:11]} fxe6 {[%clk 00:40:29]} {[%emt 00:03:10]} 18. Rxe3
{[%clk 00:48:39]} {[%emt 00:00:10]} Nd4 {[%clk 00:39:16]} {[%emt 00:01:33]} 19.
Nxd4 {[%clk 00:48:24]} {[%emt 00:00:24]} exd4 {[%clk 00:39:20]} {[%emt
00:00:07]} 20. Rxe6 {[%clk 00:47:59]} {[%emt 00:00:07]} Rf7 {[%clk 00:38:58]}
{[%emt 00:01:00]} 21. c3 {[%clk 00:47:49]} {[%emt 00:00:19]} Rd8 {[%clk
00:37:48]} {[%emt 00:01:20]} 22. c4 {[%clk 00:47:23]} {[%emt 00:00:18]} Rb8
{[%clk 00:37:31]} {[%emt 00:00:44]} 23. Rae1 {[%clk 00:47:10]} {[%emt
00:00:17]} Kh7 {[%clk 00:36:57]} {[%emt 00:00:52]} 24. g3 {[%clk 00:46:56]}
{[%emt 00:00:18]} b5 {[%clk 00:36:58]} {[%emt 00:00:15]} 25. c5 {[%clk
00:46:35]} {[%emt 00:00:30]} a5 {[%clk 00:36:25]} {[%emt 00:00:44]} 26. Ra1
{[%clk 00:46:33]} {[%emt 00:00:12]} Ra7 {[%clk 00:36:07]} {[%emt 00:00:28]} 27.
Ree1 {[%clk 00:46:07]} {[%emt 00:00:35]} a4 {[%clk 00:35:28]} {[%emt 00:00:50]}
28. bxa4 {[%clk 00:45:42]} {[%emt 00:00:34]} bxa4 {[%clk 00:35:07]} {[%emt
00:00:31]} 29. Re2 {[%clk 00:45:36]} {[%emt 00:00:17]} Rbb7 {[%clk 00:34:00]}
{[%emt 00:01:16]} 30. c6 {[%clk 00:45:28]} {[%emt 00:00:19]} Rc7 {[%clk
00:34:07]} {[%emt 00:00:04]} 31. Rc2 {[%clk 00:45:30]} {[%emt 00:00:07]} Ra6
{[%clk 00:32:39]} {[%emt 00:01:39]} 32. Rc4 {[%clk 00:45:20]} {[%emt 00:00:18]}
Rcxc6 {[%clk 00:32:11]} {[%emt 00:00:39]} 33. Rxd4 {[%clk 00:45:14]} {[%emt
00:00:16]} Rd6 {[%clk 00:31:04]} {[%emt 00:01:18]} 34. Rdxa4 {[%clk 00:44:57]}
{[%emt 00:00:25]} Rxa4 {[%clk 00:31:04]} {[%emt 00:00:11]} 35. Rxa4 {[%clk
00:44:51]} {[%emt 00:00:16]} Rxd3 {[%clk 00:31:03]} {[%emt 00:00:11]} 36. Ra1
{[%clk 00:44:37]} {[%emt 00:00:24]} Rb3 {[%clk 00:31:07]} {[%emt 00:00:06]} 37.
Rb1 {[%clk 00:44:39]} {[%emt 00:00:09]} Kg6 {[%clk 00:31:09]} {[%emt 00:00:07]}
38. Kf1 {[%clk 00:44:47]} {[%emt 00:00:02]} Kf5 {[%clk 00:30:43]} {[%emt
00:00:36]} 39. Ke2 {[%clk 00:44:51]} {[%emt 00:00:06]} Ke4 {[%clk 00:30:42]}
{[%emt 00:00:12]} 40. Kd2 {[%clk 00:44:36]} {[%emt 00:00:24]} Kf3 {[%clk
00:30:20]} {[%emt 00:00:32]} 41. Ke1 {[%clk 00:44:26]} {[%emt 00:00:20]} g5
{[%clk 00:29:05]} {[%emt 00:01:25]} 42. Kf1 {[%clk 00:44:03]} {[%emt 00:00:32]}
h5 {[%clk 00:28:30]} {[%emt 00:00:45]} 43. Kg1 {[%clk 00:43:27]} {[%emt
00:00:46]} Ke2 {[%clk 00:27:38]} {[%emt 00:01:02]} 44. h4 {[%clk 00:43:17]}
{[%emt 00:00:20]} gxh4 {[%clk 00:27:14]} {[%emt 00:00:34]} 45. gxh4 {[%clk
00:43:22]} {[%emt 00:00:05]} Kf3 {[%clk 00:27:04]} {[%emt 00:00:21]} 46. Kf1
{[%clk 00:43:19]} {[%emt 00:00:14]} Kg4 {[%clk 00:27:08]} {[%emt 00:00:04]} 47.
Kg2 {[%clk 00:43:10]} {[%emt 00:00:19]} Kxh4 {[%clk 00:27:12]} {[%emt
00:00:06]} 48. f3 {[%clk 00:42:52]} {[%emt 00:00:28]} Kg5 {[%clk 00:26:42]}
{[%emt 00:00:41]} 49. Kf2 {[%clk 00:41:56]} {[%emt 00:01:06]} Kf4 {[%clk
00:26:30]} {[%emt 00:00:22]} 50. Ke2 {[%clk 00:41:40]} {[%emt 00:00:26]} Re3+
{[%clk 00:26:21]} {[%emt 00:00:19]} 51. Kd2 {[%clk 00:41:32]} {[%emt 00:00:18]}
Kxf3 {[%clk 00:26:23]} {[%emt 00:00:08]} 52. b4 {[%emt 00:00:40]} Re6 {[%clk
00:26:02]} 53. b5 {[%clk 00:41:23]} {[%emt 00:00:20]} Rb6 {[%clk 00:26:05]}
{[%emt 00:00:07]} 54. Ke1 {[%clk 00:41:26]} {[%emt 00:00:06]} Kg2 {[%clk
00:26:05]} {[%emt 00:00:11]} 55. Rb2+ {[%clk 00:41:12]} {[%emt 00:00:24]} Kf3
{[%clk 00:26:10]} {[%emt 00:00:05]} 56. Rb3+ {[%clk 00:40:55]} {[%emt
00:00:27]} Kg4 {[%clk 00:26:01]} {[%emt 00:00:18]} 57. Kf2 {[%clk 00:40:55]}
{[%emt 00:00:10]} Kg5 {[%clk 00:25:51]} {[%emt 00:00:21]} 58. Kg2 {[%clk
00:40:42]} {[%emt 00:00:23]} Kf5 {[%clk 00:24:44]} {[%emt 00:01:16]} 59. Kh3
{[%clk 00:40:26]} {[%emt 00:00:26]} Ke5 {[%clk 00:24:24]} {[%emt 00:00:31]} 60.
Kh4 {[%clk 00:40:17]} {[%emt 00:00:19]} Kd5 {[%clk 00:24:20]} {[%emt 00:00:15]}
61. Kxh5 {[%clk 00:40:07]} {[%emt 00:00:19]} Kc5 {[%clk 00:24:28]} {[%emt
00:00:02]} 62. Rc3+ {[%clk 00:39:52]} {[%emt 00:00:25]} Kb4 {[%clk 00:24:04]}
{[%emt 00:00:34]} 63. Rc6 {[%clk 00:39:47]} {[%emt 00:00:16]} Rxb5+ {[%clk
00:24:04]} {[%emt 00:00:09]} 64. Kg4 {[%clk 00:39:36]} {[%emt 00:00:20]} Kb3
{[%clk 00:23:58]} {[%emt 00:00:16]} 1/2-1/2

[Event "ABC 2024 Utrecht, Groep BCm"]
[Site "Utrecht."]
[Date "2024.03.09"]
[Round "2.1"]
[White "Kulikova, Polina"]
[Black "Jermin, Ayleanna"]
[Result "1-0"]
[WhiteElo "1791"]
[BlackElo "1197"]

1. d4 {[%clk 00:55:17]} {[%emt 00:00:04]} d5 {[%clk 00:54:48]} {[%emt
00:00:31]} 2. c4 {[%clk 00:55:21]} {[%emt 00:00:07]} c6 {[%clk 00:54:47]}
{[%emt 00:00:10]} 3. cxd5 {[%clk 00:55:15]} {[%emt 00:00:16]} cxd5 {[%clk
00:54:42]} {[%emt 00:00:18]} 4. Bf4 {[%clk 00:54:55]} {[%emt 00:00:26]} h6
{[%clk 00:54:09]} {[%emt 00:00:47]} 5. Nc3 {[%clk 00:54:54]} {[%emt 00:00:08]}
a6 {[%clk 00:53:30]} {[%emt 00:00:50]} 6. e3 {[%clk 00:54:32]} {[%emt
00:00:31]} e6 {[%clk 00:53:04]} {[%emt 00:00:37]} 7. Qb3 {[%clk 00:53:22]}
{[%emt 00:01:15]} Nf6 {[%clk 00:52:09]} {[%emt 00:01:11]} 8. Bxb8 {[%clk
00:52:05]} {[%emt 00:01:25]} Rxb8 {[%clk 00:51:46]} {[%emt 00:00:33]} 9. Bxa6
{[%clk 00:51:55]} {[%emt 00:00:19]} Bd6 {[%clk 00:50:59]} {[%emt 00:00:57]} 10.
Bd3 {[%clk 00:51:45]} {[%emt 00:00:20]} Bd7 {[%clk 00:49:25]} {[%emt 00:01:44]}
11. Nf3 {[%clk 00:49:34]} {[%emt 00:02:21]} Qe7 {[%clk 00:46:50]} {[%emt
00:02:47]} 12. O-O {[%clk 00:49:09]} {[%emt 00:00:32]} e5 {[%clk 00:46:23]}
{[%emt 00:00:39]} 13. dxe5 {[%clk 00:47:57]} {[%emt 00:01:22]} Bxe5 {[%clk
00:46:06]} {[%emt 00:00:27]} 14. Nxe5 {[%clk 00:47:36]} {[%emt 00:00:31]} Qxe5
{[%clk 00:46:08]} {[%emt 00:00:07]} 15. Bb5 {[%clk 00:45:40]} {[%emt 00:02:06]}
O-O {[%clk 00:45:30]} {[%emt 00:00:50]} 16. Bxd7 {[%clk 00:44:42]} {[%emt
00:01:07]} Nxd7 {[%clk 00:45:29]} {[%emt 00:00:11]} 17. Qxd5 {[%clk 00:42:33]}
{[%emt 00:02:19]} Qxd5 {[%clk 00:45:27]} {[%emt 00:00:13]} 18. Nxd5 {[%clk
00:42:37]} {[%emt 00:00:05]} Rbc8 {[%clk 00:45:00]} {[%emt 00:00:37]} 19. Ne7+
{[%clk 00:42:02]} {[%emt 00:00:45]} Kh7 {[%clk 00:45:04]} {[%emt 00:00:06]} 20.
Nxc8 {[%clk 00:42:05]} {[%emt 00:00:07]} Rxc8 {[%clk 00:45:11]} {[%emt
00:00:03]} 21. Rac1 {[%clk 00:41:33]} {[%emt 00:00:42]} Ra8 {[%clk 00:45:13]}
{[%emt 00:00:08]} 22. a3 {[%clk 00:41:19]} {[%emt 00:00:25]} Ne5 {[%clk
00:45:16]} {[%emt 00:00:06]} 23. Rfd1 {[%clk 00:40:46]} {[%emt 00:00:39]} Ra4
{[%clk 00:44:58]} {[%emt 00:00:32]} 24. Rd4 {[%clk 00:40:24]} {[%emt 00:00:30]}
Ra5 {[%clk 00:44:48]} {[%emt 00:00:22]} 25. h3 {[%clk 00:39:53]} {[%emt
00:00:38]} Rb5 {[%clk 00:44:43]} {[%emt 00:00:18]} 26. b4 {[%clk 00:39:27]}
{[%emt 00:00:36]} Rb6 {[%clk 00:44:30]} {[%emt 00:00:20]} 27. f4 {[%clk
00:36:44]} {[%emt 00:02:54]} Nc6 {[%clk 00:44:30]} {[%emt 00:00:12]} 28. Rd7
{[%clk 00:35:47]} {[%emt 00:01:06]} Nb8 {[%clk 00:44:17]} {[%emt 00:00:24]} 29.
Rxf7 {[%clk 00:35:31]} {[%emt 00:00:25]} Re6 {[%clk 00:43:52]} {[%emt
00:00:36]} 30. Rxb7 {[%clk 00:35:38]} {[%emt 00:00:04]} Nc6 {[%clk 00:43:32]}
{[%emt 00:00:29]} 31. Rb6 {[%clk 00:35:02]} {[%emt 00:00:47]} Nd4 {[%clk
00:43:31]} {[%emt 00:00:11]} 32. Rxe6 {[%clk 00:34:53]} {[%emt 00:00:18]} Ne2+
{[%clk 00:43:36]} {[%emt 00:00:05]} 33. Kf2 {[%clk 00:34:31]} {[%emt 00:00:31]}
Nxc1 {[%clk 00:43:43]} {[%emt 00:00:04]} 34. Rc6 {[%clk 00:33:43]} {[%emt
00:00:58]} Nd3+ {[%clk 00:43:41]} {[%emt 00:00:12]} 35. Ke2 {[%clk 00:33:31]}
{[%emt 00:00:21]} Nb2 {[%clk 00:43:33]} {[%emt 00:00:19]} 36. b5 {[%clk
00:33:14]} {[%emt 00:00:27]} Na4 {[%clk 00:43:33]} {[%emt 00:00:10]} 37. b6
{[%clk 00:33:16]} {[%emt 00:00:09]} Nxb6 {[%clk 00:43:33]} {[%emt 00:00:10]} 38.
Rxb6 {[%clk 00:33:14]} {[%emt 00:00:12]} h5 {[%clk 00:43:30]} {[%emt 00:00:13]}
39. a4 {[%clk 00:33:22]} {[%emt 00:00:02]} g6 {[%clk 00:43:37]} {[%emt
00:00:02]} 40. a5 {[%clk 00:33:17]} {[%emt 00:00:16]} g5 {[%clk 00:43:43]}
{[%emt 00:00:03]} 41. a6 {[%clk 00:33:16]} {[%emt 00:00:11]} gxf4 {[%clk
00:43:50]} {[%emt 00:00:03]} 42. a7 {[%clk 00:32:54]} {[%emt 00:00:33]} fxe3
{[%clk 00:43:56]} {[%emt 00:00:04]} 43. a8=Q {[%clk 00:32:56]} {[%emt
00:00:08]} h4 {[%clk 00:44:01]} {[%emt 00:00:04]} 44. Qa7+ {[%clk 00:32:46]}
{[%emt 00:00:20]} Kg8 {[%emt 00:00:03]} 45. Rb8# {[%clk 00:32:46]} 1-0